[Event "GER-chT10 LJ-23 Br01 email"]
[Site "GER email"]
[Date "2013.10.04"]
[Round "?"]
[White "Pirs, Matjaz"]
[Black "Frerichs, Manfred"]
[Result "1/2-1/2"]
[WhiteElo "2193"]
[BlackElo "2076"]
[PlyCount "95"]
[EventDate "2013.10.15"]
[EventType "tourn (corr)"]
[EventRounds "8"]
[EventCountry "GER"]
[SourceTitle "Corr 2015"]
[Source "ChessBase"]
[SourceDate "2015.07.17"]
[SourceVersion "1"]
[SourceVersionDate "2015.07.17"]
[SourceQuality "1"]

1. e4 c5 2. Nf3 Nc6 3. d4 cxd4 4. Nxd4 Nf6 5. Nc3 e5 6. Ndb5 d6 7. Bg5 a6 8. Na3 b5 9. Nd5 Be7 10. Bxf6 Bxf6 11. c3 0-0 12. Nc2 Rb8 13. h4 Be7 14. Nce3 Be6 15. a4 Qd7 16. axb5 axb5 17. Be2 Bd8 18. h5 Bg5 19. 0-0 Rfd8 20. b4 Bxe3 21. Nxe3 Ne7 22. Qd3 d5 23. exd5 Nxd5 24. Nxd5 Bxd5 25. h6 Qc6 26. Rfd1 gxh6 27. Bf1 Qf6 28. Qe3 Qg5 29. Qc5 e4 30. Rd4 e3 31. Rd3 Bc4 32. Rxd8+ Rxd8 33. Qxe3 Bxf1 34. Kxf1 Qh5 35. Kg1 Kg7 36. Re1 Rd1 37. f3 Rxe1+ 38. Qxe1 Qd5 39. Qe4 Qd1+ 40. Kh2 Qd6+ 41. Kh3 h5 42. g3 Qd7+ 43. Kh4 f6 44. c4 bxc4 45. Qxc4 Qd2 46. Kh3 Qd1 47. Kg2 Qd2+ 48. Kg1 1/2-1/2

[Event "GER-chT10 LJ-23 Br01 email"]
[Site "GER email"]
[Date "2013.10.04"]
[Round "?"]
[White "Schulz, Volker"]
[Black "Frerichs, Manfred"]
[Result "1/2-1/2"]
[WhiteElo "2011"]
[BlackElo "2076"]
[PlyCount "53"]
[EventDate "2013.10.15"]
[EventType "tourn (corr)"]
[EventRounds "8"]
[EventCountry "GER"]
[SourceTitle "Corr 2015"]
[Source "ChessBase"]
[SourceDate "2015.07.17"]
[SourceVersion "1"]
[SourceVersionDate "2015.07.17"]
[SourceQuality "1"]

1. c4 e6 2. d4 d5 3. Nc3 c6 4. e3 Nf6 5. Nf3 Nbd7 6. Bd3 dxc4 7. Bxc4 b5 8. Bd3 a6 9. a4 Bb7 10. axb5 axb5 11. Rxa8 Qxa8 12. 0-0 Be7 13. b3 0-0 14. Bb2 b4 15. Na4 c5 16. dxc5 Rd8 17. Qe2 Bxc5 18. Nxc5 Nxc5 19. Ra1 Qc8 20. Bc4 Nfe4 21. Qc2 Nd6 22. Rc1 Nxc4 23. Qxc4 Na6 24. Ne5 Qxc4 25. Nxc4 Nc5 26. Na5 Ba6 27. Bd4 1/2-1/2

[Event "GER Server Cup14 final email"]
[Site "GER email"]
[Date "2013.08.19"]
[Round "?"]
[White "Frerichs, Manfred"]
[Black "Schidzick, Juergen"]
[Result "1-0"]
[WhiteElo "2076"]
[BlackElo "1586"]
[PlyCount "47"]
[EventDate "2013.08.31"]
[EventType "tourn (corr)"]
[EventRounds "6"]
[EventCountry "GER"]
[SourceTitle "Corr 2015"]
[Source "ChessBase"]
[SourceDate "2015.07.17"]
[SourceVersion "1"]
[SourceVersionDate "2015.07.17"]
[SourceQuality "1"]

1. e4 a6 2. d4 b5 3. Bd3 Bb7 4. Nf3 Nf6 5. e5 Nd5 6. c3 e6 7. 0-0 c5 8. dxc5 Bxc5 9. Nbd2 Nf4 10. Be4 Bd5 11. g3 Nh3+ 12. Kg2 Nxf2 13. Rxf2 Bxf2 14. Kxf2 Qb6+ 15. Kg2 0-0 16. Bxd5 exd5 17. Nb3 Nc6 18. Qxd5 Rfe8 19. Bf4 h6 20. Qxd7 Re7 21. Qg4 Re6 22. Rd1 Rd8 23. Rd6 Kh8 24. Rxe6 1-0

[Event "GER Cup18 PZ05 serv"]
[Site "GER email"]
[Date "2012.09.02"]
[Round "?"]
[White "Dorer, Manfred"]
[Black "Frerichs, Manfred"]
[Result "1/2-1/2"]
[WhiteElo "2152"]
[BlackElo "2056"]
[PlyCount "81"]
[EventDate "2012.09.06"]
[EventType "tourn (corr)"]
[EventRounds "6"]
[EventCountry "GER"]
[SourceTitle "Corr 2015"]
[Source "ChessBase"]
[SourceDate "2015.07.17"]
[SourceVersion "1"]
[SourceVersionDate "2015.07.17"]
[SourceQuality "1"]

1. e4 c5 2. Nf3 Nc6 3. d4 cxd4 4. Nxd4 Nf6 5. Nc3 e5 6. Ndb5 d6 7. Bg5 a6 8. Na3 b5 9. Nd5 Be7 10. Bxf6 Bxf6 11. c3 0-0 12. Nc2 Rb8 13. h4 Be7 14. Nce3 Be6 15. a4 Qd7 16. Be2 Bd8 17. axb5 axb5 18. h5 h6 19. 0-0 Bg5 20. Ra6 Rfd8 21. Qd3 Ne7 22. Nxe7+ Qxe7 23. Nd5 Qb7 24. Rfa1 f5 25. Rb6 Qf7 26. Rxb8 Rxb8 27. Nb4 Rf8 28. exf5 Bc4 29. Qe4 Bxe2 30. Qxe2 Qxf5 31. Rd1 e4 32. Nd5 Qe6 33. b3 e3 34. Nxe3 Bxe3 35. Qxe3 Qxb3 36. Qd3 Qf7 37. Qd5 Qxd5 38. Rxd5 Rc8 39. Rxb5 Rxc3 40. Rb6 Rc5 41. Rxd6 1/2-1/2

[Event "GER Cup18 PZ05 serv"]
[Site "GER email"]
[Date "2012.09.02"]
[Round "?"]
[White "Frerichs, Manfred"]
[Black "Kraft, Dieter"]
[Result "1/2-1/2"]
[WhiteElo "2056"]
[BlackElo "2206"]
[PlyCount "52"]
[EventDate "2012.09.06"]
[EventType "tourn (corr)"]
[EventRounds "6"]
[EventCountry "GER"]
[SourceTitle "Corr 2015"]
[Source "ChessBase"]
[SourceDate "2015.07.17"]
[SourceVersion "1"]
[SourceVersionDate "2015.07.17"]
[SourceQuality "1"]

1. e4 c5 2. Nf3 d6 3. Bb5+ Bd7 4. Bxd7+ Qxd7 5. 0-0 Nc6 6. c3 Nf6 7. d4 Nxe4 8. d5 Nb8 9. Re1 Nf6 10. Bg5 Na6 11. c4 h6 12. Bd2 g5 13. Nc3 Bg7 14. Qe2 Nc7 15. Rad1 0-0-0 16. Qxe7 Rde8 17. Qxd7+ Kxd7 18. a4 Na6 19. Rxe8 Rxe8 20. Re1 Nb4 21. Rxe8 Nxe8 22. Ne1 f5 23. b3 Ke7 24. Ne2 Kf7 25. f3 a5 26. g3 b6 1/2-1/2

[Event "GER Cup18 PZ05 serv"]
[Site "GER email"]
[Date "2012.09.02"]
[Round "?"]
[White "Ulbig, Stefan"]
[Black "Frerichs, Manfred"]
[Result "1-0"]
[WhiteElo "2125"]
[BlackElo "2056"]
[PlyCount "101"]
[EventDate "2012.09.06"]
[EventType "tourn (corr)"]
[EventRounds "6"]
[EventCountry "GER"]
[SourceTitle "Corr 2015"]
[Source "ChessBase"]
[SourceDate "2015.07.17"]
[SourceVersion "1"]
[SourceVersionDate "2015.07.17"]
[SourceQuality "1"]

1. e4 c5 2. Nf3 Nc6 3. Bb5 d6 4. 0-0 Bd7 5. Re1 Nf6 6. c3 a6 7. Bf1 Bg4 8. h3 Bxf3 9. Qxf3 g6 10. d3 Bg7 11. Be3 0-0 12. Nd2 Nd7 13. Qd1 b5 14. Nf3 b4 15. Qa4 Na7 16. d4 Nb5 17. Rac1 bxc3 18. bxc3 Qc7 19. Bf4 e6 20. Qd1 e5 21. Bg5 Qa5 22. d5 Nb6 23. a4 Qxa4 24. Qxa4 Nxa4 25. c4 Nd4 26. Be7 Rfb8 27. Bxd6 Nxf3+ 28. gxf3 Rb4 29. Ra1 a5 30. Kg2 Bf8 31. Bxe5 Bg7 32. Bxg7 Kxg7 33. e5 Nb6 34. Rec1 a4 35. f4 Rb3 36. Be2 a3 37. Bf3 Ra7 38. d6 Rb2 39. Rd1 a2 40. Bc6 Ra3 41. d7 Nxd7 42. Bxd7 h5 43. h4 Rc3 44. f5 Re3 45. fxg6 fxg6 46. Bc6 Rxe5 47. Kg3 Ree2 48. f3 Kf6 49. Kf4 Red2 50. Rxd2 Rxd2 51. Ke3 1-0

[Event "GER-Cup14 E/V02 email"]
[Site "GER email"]
[Date "2012.08.28"]
[Round "?"]
[White "Vieth, Martin"]
[Black "Frerichs, Manfred"]
[Result "0-1"]
[WhiteElo "1962"]
[BlackElo "2036"]
[PlyCount "44"]
[EventDate "2012.09.05"]
[EventType "tourn (corr)"]
[EventRounds "4"]
[EventCountry "GER"]
[SourceTitle "Corr 2015"]
[Source "ChessBase"]
[SourceDate "2015.07.17"]
[SourceVersion "1"]
[SourceVersionDate "2015.07.17"]
[SourceQuality "1"]

1. e4 c5 2. Nf3 Nc6 3. d4 cxd4 4. Nxd4 Nf6 5. Nc3 e5 6. Nxc6 bxc6 7. Bd3 Bb4 8. Bd2 0-0 9. 0-0 d5 10. exd5 cxd5 11. a3 Be7 12. Bg5 Be6 13. h4 h6 14. Bd2 Rb8 15. b4 e4 16. Be2 d4 17. Na2 Qc7 18. f3 e3 19. Bc1 Qf4 20. Qe1 Nh5 21. g4 Bd6 22. Rf2 Qg3+ 0-1

[Event "GER-Cup14 E/V02 email"]
[Site "GER email"]
[Date "2012.08.28"]
[Round "?"]
[White "Wolff, Heinz"]
[Black "Frerichs, Manfred"]
[Result "0-1"]
[WhiteElo "1933"]
[BlackElo "2036"]
[PlyCount "90"]
[EventDate "2012.09.05"]
[EventType "tourn (corr)"]
[EventRounds "4"]
[EventCountry "GER"]
[SourceTitle "Corr 2015"]
[Source "ChessBase"]
[SourceDate "2015.07.17"]
[SourceVersion "1"]
[SourceVersionDate "2015.07.17"]
[SourceQuality "1"]

1. d4 d5 2. Nf3 Nf6 3. c4 e6 4. e3 Be7 5. Nc3 0-0 6. Be2 b6 7. 0-0 Bb7 8. Qc2 Nbd7 9. cxd5 exd5 10. Bd3 h6 11. a3 c5 12. dxc5 bxc5 13. b3 Re8 14. Bb2 d4 15. Ne4 Nxe4 16. Bxe4 Bxe4 17. Qxe4 Bf6 18. Qd3 dxe3 19. Bxf6 Nxf6 20. Qxd8 Raxd8 21. fxe3 Rxe3 22. Rfc1 Rxb3 23. Rxc5 Ne4 24. Rc2 Rxa3 25. Rac1 a5 26. Kf1 a4 27. Re2 f5 28. Nh4 Rad3 29. Ke1 a3 30. Rec2 Rd2 31. Nf3 Rxc2 32. Rxc2 Re8 33. Kf1 Ra8 34. Ra2 Nc3 35. Ra1 a2 36. Nd2 Re8 37. Nb3 Rb8 38. Nd2 Rb1+ 39. Nxb1 axb1Q+ 40. Rxb1 Nxb1 41. h4 Nc3 42. Kf2 Kf7 43. Kf3 Kf6 44. g4 fxg4+ 45. Kxg4 g5 0-1

[Event "GER-chT9 KI-31 Br01 email"]
[Site "GER email"]
[Date "2011.10.17"]
[Round "?"]
[White "Frerichs, Manfred"]
[Black "Bohme, Sebastian"]
[Result "1/2-1/2"]
[WhiteElo "2036"]
[BlackElo "2148"]
[PlyCount "44"]
[EventDate "2011.10.23"]
[EventType "tourn (corr)"]
[EventRounds "6"]
[EventCountry "GER"]
[SourceTitle "Corr 2015"]
[Source "ChessBase"]
[SourceDate "2015.07.17"]
[SourceVersion "1"]
[SourceVersionDate "2015.07.17"]
[SourceQuality "1"]

1. e4 e5 2. Nf3 Nc6 3. Bb5 Nf6 4. 0-0 Nxe4 5. d4 Nd6 6. Bxc6 dxc6 7. dxe5 Nf5 8. Qxd8+ Kxd8 9. Nc3 Be7 10. h3 Ke8 11. g4 Nh4 12. Nxh4 Bxh4 13. Rd1 h5 14. f3 f6 15. exf6 gxf6 16. Kg2 Kf7 17. Bf4 f5 18. Bxc7 fxg4 19. hxg4 hxg4 20. Rd4 gxf3+ 21. Kxf3 Bf5 22. Rb4 b6 1/2-1/2